000 00490nam a2200145 4500
999 _c10993
_d10993
008 181003b ||||| |||| 00| 0 eng d
022 _a2094-8042
082 _aDPer 370.105 M72 Jan-Dec 2011 v59-60
100 _931919
_aOlaya, Iluminada A.
245 _aThe Filipino family today/
_cIluminada A. Olaya.
260 _aPhilippines:
_bIn the Grade School, Inc.,
_cc2011.
300 _av60 n7, pages 268-269:
_billustrations;
_c27cm.
650 0 _931920
_aFamily
_xFilipino.
942 _2ddc
_cPER